| 000 | 00531nam a22001697a 4500 | ||
|---|---|---|---|
| 003 | OSt | ||
| 005 | 20240927170621.0 | ||
| 008 | 240927b |||||||| |||| 00| 0 eng d | ||
| 040 | _c0 | ||
| 082 | _aDPer 050 R22 2000 June -December 2023 v123 no. 7124-728 | ||
| 100 |
_aWritten, Mark. _eauthor. _961761 |
||
| 245 |
_aFitness made simple / _cMark Written. |
||
| 260 |
_aTaipei ; _bReader's Digest Asia, _culy 2023. |
||
| 300 |
_aVolume 123, pages 70-79 , _billustration. |
||
| 700 |
_aWritten, Mark. _eauthor. _961761 |
||
| 942 |
_2ddc _cPER |
||
| 999 |
_c21980 _d21980 |
||